Modernización de planta de tratamiento de aguas residuales, Torre de alimentos y Ampliación de torre de empaquetado.

El siguiente trabajo monográfico presenta de forma escrita la aplicación de los conocimientos teóricos-prácticos y herramientas adquiridas durante el proceso de aprendizaje de la carrera de arquitectura, mediante la aplicación de las distintas actividades realizadas de la práctica profesional...

Full description

Bibliographic Details
Main Author: Jarquín Núñez, Lenin Francisco
Other Authors: Tutor: Benavidez González, Wildghem Ramón
Format: Tesis Section = Libro
Language:Undetermined
Spanish
Published: Managua UNI 2022
Subjects:
LEADER 01214nam a2200253Ia 4500
008 240830s9999 xx 000 0 und d
040 |a BIBLIOTECA-RUSB/ Mon 711.12 J37 
041 |a spa 
082 |a Mon 711.12 J37 
100 1 |a Jarquín Núñez, Lenin Francisco 
245 1 0 |a Modernización de planta de tratamiento de aguas residuales, Torre de alimentos y Ampliación de torre de empaquetado. 
260 |a Managua  |b UNI  |c 2022 
300 |a 94 p. :il. 
500 |a Contiene: anexos y CD. 
502 |a Tesis (Arquitecto) - UNI, 2022. 
520 3 |a El siguiente trabajo monográfico presenta de forma escrita la aplicación de los conocimientos teóricos-prácticos y herramientas adquiridas durante el proceso de aprendizaje de la carrera de arquitectura, mediante la aplicación de las distintas actividades realizadas de la práctica profesional en el periodo asignado, en la empresa SAUBER S.A. 
650 7 |a PRÁCTICAS PROFESIONALES - SAUBER S.A. 
650 7 |b  PLANTA DE TRATAMIENTO – AGUAS RESIDUALES 
650 7 |c  PLANOS ARQUITECTONICOS 
650 7 |d  PLANOS ESTRUCTURALES 
700 1 |a Tutor:  |b Benavidez González, Wildghem Ramón 
942 |c BK  |2 ddc 
991 |a TESIS 
999 |c 22302